| 000 -LEADER |
| fixed length control field |
00398pab a2200157 454500 |
| 008 - FIXED-LENGTH DATA ELEMENTS--GENERAL INFORMATION |
| fixed length control field |
180718b2001 xxu||||| |||| 00| 0 eng d |
| 100 ## - MAIN ENTRY--PERSONAL NAME |
| Personal name |
Madan, Sushila |
| 245 ## - TITLE STATEMENT |
| Title |
Security risk management practices of e-business in India |
| 260 ## - PUBLICATION, DISTRIBUTION, ETC. |
| Date of publication, distribution, etc. |
2001 |
| 300 ## - PHYSICAL DESCRIPTION |
| Extent |
p.92-97 |
| 650 ## - SUBJECT ADDED ENTRY--TOPICAL TERM |
| Topical term or geographic name entry element |
Electronic commerce |
| 700 ## - ADDED ENTRY--PERSONAL NAME |
| Personal name |
Jaiswal, M.P. |
| 700 ## - ADDED ENTRY--PERSONAL NAME |
| Personal name |
Muneesh Kumar |
| 773 ## - HOST ITEM ENTRY |
| Main entry heading |
Vision |
| 909 ## - |
| -- |
51463 |